Sheryl Crow's Most Streamed Songs - Statistics

General Stats
  • This quiz has been taken 12 times
  • The average score is 17 of 50
Answer Stats
No. Streams Song % Correct
222.1 M All I Wanna Do
82%
100.1 M Soak Up The Sun
82%
49.3 M Every Day Is A Winding Road
73%
156.2 M If It Makes You Happy
73%
68.6 M Strong Enough
64%
39.0 M The First Cut Is The Deepest
64%
12.6 M A Change Would Do You Good
55%
7.8 M Leaving Las Vegas
55%
202.6 M Picture
55%
5.4 M Steve McQueen
55%
8.5 M Easy
45%
5.3 M Home
45%
32.9 M My Favorite Mistake
45%
42.9 M Sweet Child O' Mine
45%
2.4 M There Goes The Neighborhood
45%
14.5 M Tomorrow Never Dies
45%
2.0 M Anything But Down
36%
3.7 M Can't Cry Anymore
36%
1.7 M Good Is Good
36%
2.5 M Hard To Make A Stand
36%
14.0 M I Shall Believe
36%
1.3 M Love Is Free
36%
1.8 M Maybe Angels
36%
8.9 M Run Baby Run
36%
1.2 M Sweet Rosalyn
36%
13.5 M Always On Your Side
27%
1.2 M Love Is A Good Thing
27%
1.4 M No One Said It Would Be Easy
27%
1.1 M Oh Marie
27%
3.3 M Redemption Day
27%
1.5 M Shotgun
27%
10.4 M Tell Me When It's Over
27%
1.9 M The Difficult Kind
27%
1.3 M All By Myself
18%
1.2 M Be Myself
18%
1.4 M Beware Of Darkness
18%
2.1 M Halfway There
18%
3.6 M Prove You Wrong
18%
1.6 M Sign Your Name
18%
1.4 M Summer Day
18%
2.4 M Callin' Me When I'm Lonely
9%
1.4 M Everything Is Broken
9%
1.7 M Here Comes The Sun
9%
1.0 M I'll Be Home For Christmas
9%
1.0 M In The End
9%
2.0 M Light In Your Eyes
9%
1.9 M Live Wire
9%
1.2 M Still The Good Old Days
9%
1.4 M We Oughta Be Drinkin'
9%
1.6 M Wouldn't Want To Be Like You
9%
No matching quizzes found
Score Distribution
Percent of People with Each Score
Percentile by Number Answered
Your Score History
You have not taken this quiz